Belangrijkste en bekendste oorlogen - Statistieken

Algemene statistieken
  • Deze quiz is 189 keer genomen
  • De gemiddelde score is 6 van 20
Antwoordstatistieken
Strijdende Partijen Jaar/Jaren Oorlog % Correct
Geallieerden VS Centralen 1914 - 1918 Eerste Wereldoorlog
87%
Geallieerden VS Asmogendheden 1939 - 1945 Tweede Wereldoorlog
81%
Soviet Unie VS Verenigde Staten 1945 - 1991 Koude Oorlog
76%
Noord VS Zuid 1861 - 1865 Amerikaanse Burgeroorlog
52%
Spaanse Nederlanden en Engeland VS Spaanse Rijk 1568 - 1648 Tachtigjarige Oorlog
50%
Engeland VS Frankrijk 1337 - 1453 Honderdjarige Oorlog
35%
Argentinië VS Verenigd Koninkrijk 1982 Falklandoorlog
34%
Coalitie van de Verenigde Staten VS Irak 1990 - 1991 Golfoorlog
34%
Troye VS Griekenland circa 1200 v.C. Trojaanse Oorlog
32%
Israel VS Arabische Landen 1967 Zesdaagse Oorlog
18%
Groot-Brittanië VS 13 Koloniën 1775 - 1783 Amerikaanse Onafhankelijkheidsoorlog
17%
Frankrijk VS Rest van Europa 1803 - 1815 Napoleontische Oorlogen
14%
Rome VS Carthago 264 - 146 v.C. Punische Oorlogen
14%
Spanjaarden VS Islamieten 718 - 1492 Reconquista
14%
Russen VS Britten, Fransen en Ottomanen 1853 - 1856 Krimoorlog
12%
Zuidelijke Nederlanden VS Noordelijke Nederlanden 1830 - 1831 Belgische Onafhankelijkheidsoorlog
11%
Israel VS Arabische Landen 1973 Jom Kippoeroorlog
10%
Athens VS Sparta 431 - 404 v.C. Peloponnesische Oorlog
9%
Spanje VS Verenigde Staten 1898 Spaans - Amerikaanse Oorlog
5%
Frankrijk VS Spanje VS Engeland VS Heilig Roomse Rijk 1494 - 1559 Italiaanse Oorlogen
1%
Geen overeenkomende quizzen gevonden
Scoreverdeling
Procent van Mensen met Elke Score
Percentiel versus Aantal Correcte Antwoorden
Uw Scoregeschiedenis
U heeft deze quiz nog niet genomen